Daftar media edisi 2013

Saved in:
Bibliographic Details
Other Authors: Ahmad Zaki Chamil (Editor)
Format: Book
Language:Malay
Published: Kuala Lumpur Malaysianm Press Institute (MPI) [2013]
Subjects:
Tags: Add Tag
No Tags, Be the first to tag this record!
Call Number :P 92.M4 D336 2013

MARC

LEADER 00000nam a2200000 i 4500
001 22558
003 MY-KLNDU
005 20241218081003.0
008 221104 2013 my a 000 0 may d
020 |a 9789671091838 
039 9 |a 202211041116  |b VLOAD  |c 201601071147  |d azraai  |c 201508181244  |d azraai  |c 200911181409  |d VLOAD  |y 200910091717  |z VLOAD 
040 |a UPNM  |b eng  |c UPNM  |e rda 
090 |a P 92.M4  |b D336 2013 
245 0 0 |a Daftar media  |b edisi 2013  |c penyelenggara projek Ahmad Zaki Chamil 
264 1 |a Kuala Lumpur  |b Malaysianm Press Institute (MPI)  |c [2013] 
300 |a viii, 288 pages  |b illustrations  |c 22 cm 
336 |a text  |2 rdacontent 
337 |a unmediated  |2 rdamedia 
338 |a volume  |2 rdacarrier 
592 |b 29/12/15  |c Hadiah & Sumbangan  |h Malaysian Press Institute 
650 0 |a Mass media  |z Malaysia  |v Directories 
650 0 |a Journalism  |z Malaysia  |v Directories 
650 0 |a Press  |z Malaysia  |v Directories 
700 0 |a Ahmad Zaki Chamil  |e editor 
999 |a vtls000032117  |c 22558  |d 22558